Statistics for FIFA 22 Players with the Most Base Stats

Click here to take the quiz!

General Stats

  • This quiz has been taken 28 times
  • The average score is 22 of 50

Answer Stats

PlayerNationality% Correct
De BruyneBelgium
84%
OblakSlovenia
84%
NeuerGermany
80%
KanteFrance
76%
AlissonBrazil
72%
DaviesCanada
72%
EdersonBrazil
72%
NavasCosta Rica
72%
GoretzkaGermany
68%
SalahEgypt
68%
HakimiMorocco
64%
KimmichGermany
64%
Ter StegenGermany
64%
AlabaAustria
60%
CanGermany
60%
MbappeFrance
60%
De JongNetherlands
56%
Milinkovic-SavicSerbia
56%
CanceloPortugal
52%
FernandesPortugal
52%
ParteyGhana
52%
Alexander-ArnoldEngland
48%
CourtoisBelgium
48%
DonnarummaItaly
48%
MartinezArgentina
48%
PogbaFrance
48%
LlorenteSpain
44%
MendyFrance
44%
ValverdeUruguay
44%
KessieIvory Coast
40%
KokeSpain
36%
LlorisFrance
36%
SabitzerAustria
36%
CuadradoColumbia
32%
HernandezFrance
32%
SanchesPortugal
32%
WalkerEngland
32%
BarellaItaly
28%
AlbaSpain
24%
De PaulArgentina
24%
MerinoSpain
16%
AcunaArgentina
12%
KosticSerbia
12%
MaignanFrance
12%
OcamposArgentina
12%
GosensGermany
8%
PaulinhoBrazil
8%
WijnaldumNetherlands
8%
CanalesSpain
4%
AsenjoSpain
0%

Score Distribution

Percentile by Number Answered

Percent of People with Each Score

Your Score History

You have not taken this quiz